Catálogo

FOCUS AN LITERATURE ACTION (Registro nro. 50775)

Detalles MARC
000 -LEADER
fixed length control field 00445nam a2200169 a 4500
001 - CONTROL NUMBER
control field 50775
005 - DATE AND TIME OF LATEST TRANSACTION
control field 20180714035946.0
008 - FIXED-LENGTH DATA ELEMENTS--GENERAL INFORMATION
fixed length control field 140415s1978 xxu 000 0 eng d
020 ## - INTERNATIONAL STANDARD BOOK NUMBER
International Standard Book Number 039524966X
041 ## - LANGUAGE CODE
Language code of text/sound track or separate title eng
082 ## - DEWEY DECIMAL CLASSIFICATION NUMBER
Classification number 808.899282
Item number FOC
245 00 - TITLE STATEMENT
Title FOCUS AN LITERATURE ACTION
250 ## - EDITION STATEMENT
Edition statement 1a ed.
260 ## - PUBLICATION, DISTRIBUTION, ETC.
Place of publication, distribution, etc. ESTADOS UNIDOS DE AMERICA :
Name of publisher, distributor, etc. HOUGHTON MIFFLIN,
Date of publication, distribution, etc. 1978
300 ## - PHYSICAL DESCRIPTION
Extent 529
650 14 - SUBJECT ADDED ENTRY--TOPICAL TERM
Topical term or geographic name entry element LITERATURA JUVENIL
Existencias
Withdrawn status Lost status Source of classification or shelving scheme Damaged status Not for loan Collection code Home library Current library Shelving location Date acquired Source of acquisition Inventory number Total Checkouts Full call number Barcode Date last seen Price effective from Koha item type
    Dewey Decimal Classification     General Biblioteca Karol Wojtyla Biblioteca Karol Wojtyla Sala general 03/12/2013 Compra 151000000000000000032422   808.899282 FOC 7582 05/01/2026 03/12/2013 Libro
  Extraviado Dewey Decimal Classification       Biblioteca Karol Wojtyla Biblioteca Karol Wojtyla   03/12/2013 Compra     808.899282 FOC 7584   03/12/2013 Libro
  Extraviado Dewey Decimal Classification       Biblioteca Karol Wojtyla Biblioteca Karol Wojtyla   03/12/2013 Compra     808.899282 FOC 7581   03/12/2013 Libro
  Extraviado Dewey Decimal Classification       Biblioteca Karol Wojtyla Biblioteca Karol Wojtyla   03/12/2013 Compra     808.899282 FOC 7583   03/12/2013 Libro